1843 1523 1284 1606 1252 1818 1897 1093 1230 1457 1873 1421 1678 1837 1146 1553 1454 1503 1287 1998 1778 1264 1366 1113 1891 1607 1106 1302 1154 1786 1842 1290 1414 1033 1903 1239 1846 1355 1862 1808 1037 1516 1443 1930 1958 1899 1052 1094 1984 1167 1159 1567 1911 1217 1390 1524 1439 1572 1859 1479 1216 1615 1567 1736 1838 1436 1310 1002 1925 1993 1244 1743 1556 1565 1817 1230 1421 1302 1556 1538 1942 1391 1978 1472 1613 1216 1981 1540 1274 1952 1148 1124 1028 1557 1466 1978 1068 1660 1762 BCNSPRNW ULIB Ver.6.0+V

เปลี่ยนเป็นภาษาไทย

Change to English
 แสดงรายละเอียดบรรณานุกรม
  กลับหน้าหลัก

Brief Record : Get Marc (ISO 2709) : E-mail record : QR code < ปิดหน้าต่าง
LEADER : 00000nam 2200000uu 4500
001    13399113197
003     ULIB
008    111003s2551||||th 000 0 tha d
020    9789740473664
050 04 QA76.75^bค126ค 2551
100 0  คณัฐช์อนงค์ อัศวสุนทรางกูร
245 10 คู่มือการใช้งาน Microsoft PowerPoint 2007 /^cคณัฐช์อนงค์ อัศวสุนทรางกูร
260    กรุงเทพฯ :^bสวัสดี ไอที,^c2551
300    362 หน้า :^bภาพประกอบ ;^c22 ซม
505 2  เริ่มต้นติดตั้งโปรแกรม PowerPoint 2007 -- ทำความรู้จักกับโปรแกรมPowerPoint 2007 -- เริ่มต้นจัดการกับงานนำเสนอ -- การแต่งเติมสีสันด้วยชุดรูปแบบ -- การใส่เนื้อหาให้กับภาพนิ่ง -- การแทรกวัตถุลงในภาพนิ่ง -- การแทรกไฟล์มัลติมีเดีย -- สร้างการเชื่อมโยงหลายมิติ (Hyperlink) -- การใส่เอฟเฟ็กต์ภาพเคลื่อนไหวก่อนนำเสนอ -- การนำเสนอภาพนิ่ง -- การสั่งพิมพ์เอกสารประกอบการนำเสนอ -- ความสามารถเพิ่มเติมของ PowerPoint
650  7 ไมโครซอฟต์เพาเวอร์พอยท์
650  7 โปรแกรมคอมพิวเตอร์
945    ^p169^l0^i024123
995    ทศพร
999 ^a ทศพร
รายการนี้ยังไม่มีแท็ก
คุณยังไม่ได้ล็อกอิน คุณสามารถมีกิจกรรมร่วมกับเว็บไซต์ได้ แต่ต้องล็อกอินก่อน ::
  ล็อกอิน

รายการสื่อสารสนเทศ

ลำดับที่ ประเภท เลขเรียก/บาร์โค้ด สถานที่ สถานะ
- ไม่พบข้อมูล -

รายการใกล้เคียง
    ผู้แต่ง [คณัฐช์อนงค์ อัศวสุนทรางกูร]

    หัวเรื่อง [ไมโครซอฟต์เพาเวอร์พอยท์]
    หัวเรื่อง [โปรแกรมคอมพิวเตอร์]

BibComment


ยังไม่เคยถูกคอมเมนท์

คอมเมนท์ทรัพยากรรายการนี้
  คอมเมนท์: คู่มือการใช้งาน M..


 Copyright 2026. Bcnsprnw @Library